Mecánica
Αποθηκεύτηκε σε:
| Κύριος συγγραφέας: | |
|---|---|
| Μορφή: | Βιβλίο |
| Γλώσσα: | Ισπανικά |
| Έκδοση: |
Barcelona
Reverté
1976
|
| Θέματα: | |
| Ετικέτες: |
Προσθήκη ετικέτας
Δεν υπάρχουν, Καταχωρήστε ετικέτα πρώτοι!
|
MARC
| LEADER | 00000nam a2200000 a 4500 | ||
|---|---|---|---|
| 001 | UCH2256 | ||
| 003 | CL-VaPUC | ||
| 008 | 090604e19760000SP |||||||||||||||||spa|d | ||
| 020 | |a 8429140387 | ||
| 082 | 0 | 4 | |a 531 |b BAR |2 21 |
| 100 | 0 | |a Barford, N. C |e author |9 536963 | |
| 245 | 1 | 0 | |a Mecánica |
| 300 | |a 458 p | ||
| 942 | |c BK | ||
| 945 | |d 20090604 00:00:00 |a dcastane | ||
| 260 | |a Barcelona |b Reverté |c 1976 | ||
| 650 | 0 | |a Cinemática |9 260942 | |
| 650 | 0 | |a Dinámica |9 260136 | |
| 650 | 0 | |a Trabajo |9 313876 | |
| 650 | 0 | |a Energía |9 259431 | |
| 650 | 0 | |a Gravitación |9 332312 | |
| 650 | 0 | |a Vibraciones |9 338108 | |
| 583 | |a last modification |c 20090604 00:00:00 |k Rodrigo Vera | ||
| 999 | |c 334041 |d 334039 | ||
| 952 | |0 0 |1 0 |4 0 |6 531_000000000000000_BAR_1976 |7 0 |8 A |9 422831 |a BIBCUR |b BIBCUR |d 2019-11-22 |i 4544153 |l 11 |m 8 |o 531 BAR 1976 |p 4544153 |r 2025-04-22 |s 2024-10-07 |w 2019-11-22 |y BK |k FIS | ||